000 00310nam a2200121Ia 4500
008 190722s9999 xx 000 0 und d
020 _a978-93-80027-19-7
100 _aVikram Bali/ Shivani Bali
245 0 _aSofftware Engineering
260 _aNew Delhi
_bS.K. Kataria & Sons
_c2014
300 _a430
942 _cBK
999 _c116
_d116